Vývoj zahraničného obchodu západného Balkánu ovplyvnený súčasnými geopolitickými zmenami
Analýza zahraničného obchodu západného Balkánu. Import, export západného Balkánu v rokoch 2014-2018. Proces integrácie do Európskej únie a rozvoj vzájomného obchodu. Zhodnotenie jeho postavenia v strategických rozvojových zámeroch Európskej únie ovplyvnené súčasnými geopolitickými zmenami.
Enregistré dans:
| Auteur principal: | |
|---|---|
| Format: | Chapitre de livre |
| Langue: | slovaque |
| Sujets: | |
| Tags: |
Pas de tags, Soyez le premier à ajouter un tag!
|
MARC
| LEADER | 00000naa$a2200000$$$4500 | ||
|---|---|---|---|
| 001 | 0260342 | ||
| 005 | 20240502074124.5 | ||
| 041 | 0 | |a slo | |
| 044 | |a SK | ||
| 245 | 1 | 0 | |a Vývoj zahraničného obchodu západného Balkánu ovplyvnený súčasnými geopolitickými zmenami |c Andrea Chlebcová |
| 520 | |a Analýza zahraničného obchodu západného Balkánu. Import, export západného Balkánu v rokoch 2014-2018. Proces integrácie do Európskej únie a rozvoj vzájomného obchodu. Zhodnotenie jeho postavenia v strategických rozvojových zámeroch Európskej únie ovplyvnené súčasnými geopolitickými zmenami. | ||
| 610 | 2 | 0 | |a obchod zahraničný |
| 610 | 2 | 0 | |a vzťahy hospodárske medzinárodné |
| 610 | 2 | 0 | |a politika zahraničná |
| 610 | 2 | 0 | |a integrácia ekonomická medzinárodná |
| 610 | 2 | 0 | |a vývoz |
| 610 | 2 | 0 | |a dovoz |
| 610 | 2 | 0 | |a Balkán |
| 610 | 2 | 0 | |a Európska únia |
| 100 | 1 | |a Chlebcová, Andrea, 1991- | |